[Event "Kowalewo Pomorskie op-B 17th"]
[Site "Kowalewo Pomorskie"]
[Date "2010.07.09"]
[Round "7"]
[White "Karski, Lukasz"]
[Black "Borkowski, Adam"]
[Result "1/2-1/2"]
[WhiteElo "1999"]
[BlackElo "1827"]
[PlyCount "42"]
[EventDate "2010.07.04"]
[EventType "swiss"]
[EventRounds "9"]
[EventCountry "POL"]
[SourceTitle "EXT 2011"]
[Source "ChessBase"]
[SourceDate "2010.11.26"]
[SourceVersion "1"]
[SourceVersionDate "2010.11.26"]
[SourceQuality "1"]

1. d4 d5 2. c4 dxc4 3. Nc3 Nf6 4. e4 e6 5. Bxc4 c5 6. Nf3 cxd4 7. Qxd4 Qxd4 8. Nxd4 a6 9. a4 Bb4 10. f3 Nbd7 11. Kf2 Ne5 12. Be2 0-0 13. Bf4 Ng6 14. Be3 e5 15. Nc2 Be7 16. Bc4 Rd8 17. g3 Nf8 18. Nd5 Nxd5 19. Bxd5 Be6 20. Bb6 Rd6 21. Ba5 Bxd5 1/2-1/2

[Event "POL-ch U18"]
[Site "Karpacz"]
[Date "2010.03.12"]
[Round "9"]
[White "Karski, Lukasz"]
[Black "Bokiej, Przemyslaw"]
[Result "1/2-1/2"]
[WhiteElo "1993"]
[BlackElo "2063"]
[PlyCount "43"]
[EventDate "2010.03.06"]
[EventType "swiss"]
[EventRounds "11"]
[EventCountry "POL"]
[SourceTitle "CBM 135 Extra"]
[Source "ChessBase"]
[SourceDate "2010.05.04"]
[SourceVersion "1"]
[SourceVersionDate "2010.05.04"]
[SourceQuality "1"]

1. e4 e6 2. d4 Nf6 3. Bd3 d5 4. exd5 Nxd5 5. Nf3 Be7 6. a3 0-0 7. 0-0 Nd7 8. c4 N5f6 9. Nc3 b6 10. Bf4 Bb7 11. Qe2 Nh5 12. Be3 Nhf6 13. Bf4 Nh5 14. Be3 Nhf6 15. Bf4 Nh5 16. Be3 Nhf6 17. Bf4 Nh5 18. Be3 Nhf6 19. Bf4 Nh5 20. Be3 Nhf6 21. Bf4 Nh5 22. Be3 1/2-1/2

[Event "POL-ch U18"]
[Site "Karpacz"]
[Date "2010.03.10"]
[Round "7"]
[White "Siwiec, Arkadiusz"]
[Black "Karski, Lukasz"]
[Result "1/2-1/2"]
[WhiteElo "2078"]
[BlackElo "1993"]
[PlyCount "110"]
[EventDate "2010.03.06"]
[EventType "swiss"]
[EventRounds "11"]
[EventCountry "POL"]
[SourceTitle "CBM 135 Extra"]
[Source "ChessBase"]
[SourceDate "2010.05.04"]
[SourceVersion "1"]
[SourceVersionDate "2010.05.04"]
[SourceQuality "1"]

1. e4 e6 2. d4 d5 3. Nc3 Bb4 4. e5 c5 5. a3 Bxc3+ 6. bxc3 Ne7 7. Qg4 Qc7 8. Qxg7 Rg8 9. Qxh7 cxd4 10. Ne2 Nbc6 11. f4 Bd7 12. Qd3 dxc3 13. h4 Nf5 14. h5 0-0-0 15. Qxc3 d4 16. Qd3 Na5 17. h6 Rg6 18. h7 Rh8 19. Rh3 Qc4 20. Rb1 Qxd3 21. Rxd3 Nc6 22. Rh3 Rg7 23. Kf2 Rgxh7 24. Rxh7 Rxh7 25. g4 Nfe7 26. Bg2 Nd5 27. Bd2 b6 28. Kf3 Rh2 29. Rh1 Rxh1 30. Bxh1 f6 31. exf6 Nxf6 32. g5 Nh5 33. Ke4 Be8 34. f5 exf5+ 35. Kxf5 Ng7+ 36. Kf6 Nh5+ 37. Ke6 Ng7+ 38. Kf6 Nh5+ 39. Kf5 Ng7+ 40. Ke4 Bg6+ 41. Kd5 Kd7 42. Nxd4 Nxd4 43. Kxd4 Bxc2 44. Ke5 Ke7 45. Bd5 a5 46. Bc4 Ba4 47. Bd5 Bc2 48. Be3 b5 49. Bc5+ Kd7 50. Bf8 Nh5 51. Bf7 Bd1 52. Kf5 b4 53. axb4 axb4 54. Bxb4 Ng3+ 55. Kg6 Ne4 1/2-1/2

[Event "POL-ch U18"]
[Site "Karpacz"]
[Date "2010.03.08"]
[Round "3"]
[White "Sobolewski, Dawid"]
[Black "Karski, Lukasz"]
[Result "0-1"]
[WhiteElo "1744"]
[BlackElo "1993"]
[PlyCount "71"]
[EventDate "2010.03.06"]
[EventType "swiss"]
[EventRounds "11"]
[EventCountry "POL"]
[SourceTitle "CBM 135 Extra"]
[Source "ChessBase"]
[SourceDate "2010.05.04"]
[SourceVersion "1"]
[SourceVersionDate "2010.05.04"]
[SourceQuality "1"]

1. e4 e6 2. d4 d5 3. exd5 exd5 4. Nf3 Nc6 5. Bd3 Bd6 6. Be3 Nge7 7. c3 Bf5 8. h3 Qd7 9. Bxf5 Nxf5 10. 0-0 0-0-0 11. Nbd2 Rde8 12. Re1 f6 13. Nb3 g5 14. Nc5 Bxc5 15. dxc5 Nxe3 16. Rxe3 Rxe3 17. fxe3 Re8 18. Qd2 Ne5 19. Nxe5 Rxe5 20. Rd1 Qe7 21. b4 c6 22. Re1 Re4 23. Rf1 Qe5 24. Qf2 Qxc3 25. Qf5+ Kd8 26. Qxh7 Qxe3+ 27. Kh1 Re7 28. Qh8+ Kc7 29. Qxf6 Qe5 30. Qxe5+ Rxe5 31. Rf7+ Kc8 32. Kg1 d4 33. Kf2 d3 34. Rf3 Re2+ 35. Kf1 Rd2 36. Re3 0-1

[Event "Warsaw Najdorf Memorial op-C"]
[Site "Warsaw"]
[Date "2009.07.21"]
[Round "4"]
[White "Karski, Lukasz"]
[Black "Malaczek, Mateusz"]
[Result "1/2-1/2"]
[WhiteElo "1960"]
[BlackElo "1815"]
[PlyCount "61"]
[EventDate "2009.07.18"]
[EventType "swiss"]
[EventRounds "9"]
[EventCountry "POL"]
[SourceTitle "EXT 2012"]
[Source "ChessBase"]
[SourceDate "2011.11.24"]
[SourceVersion "1"]
[SourceVersionDate "2011.11.24"]
[SourceQuality "1"]

1. d4 Nf6 2. c4 c5 3. Nf3 cxd4 4. Nxd4 d6 5. Nc3 Nc6 6. e4 g6 7. Be2 Nxd4 8. Qxd4 Bg7 9. Be3 0-0 10. Qd2 a5 11. f3 a4 12. 0-0 Qa5 13. Rfd1 Be6 14. Rac1 Rfc8 15. Nd5 Qxd2 16. Bxd2 Bxd5 17. cxd5 Nd7 18. Rxc8+ Rxc8 19. Rc1 Rxc1+ 20. Bxc1 Nc5 21. Bc4 f5 22. exf5 gxf5 23. Kf1 Kf7 24. b3 axb3 25. axb3 b5 26. Bxb5 Nxb3 27. Bg5 Bf6 28. Be3 Bd4 29. Bg5 Bf6 30. Be3 Bd4 31. Bg5 1/2-1/2

[Event "Warsaw Najdorf Memorial op-C"]
[Site "Warsaw"]
[Date "2009.07.18"]
[Round "1"]
[White "Malec, Jakub"]
[Black "Karski, Lukasz"]
[Result "0-1"]
[WhiteElo "1558"]
[BlackElo "1960"]
[PlyCount "74"]
[EventDate "2009.07.18"]
[EventType "swiss"]
[EventRounds "9"]
[EventCountry "POL"]
[SourceTitle "EXT 2012"]
[Source "ChessBase"]
[SourceDate "2011.11.24"]
[SourceVersion "1"]
[SourceVersionDate "2011.11.24"]
[SourceQuality "1"]

1. e4 e6 2. d4 d5 3. exd5 exd5 4. Qf3 Nf6 5. c3 Bg4 6. Qe3+ Be7 7. Bd3 0-0 8. f3 Re8 9. Ne2 Bh5 10. 0-0 Bg6 11. Rd1 Bd6 12. Qf2 Nc6 13. Nf4 Bxd3 14. Nxd3 Qd7 15. Bf4 Bxf4 16. Nxf4 Qf5 17. g3 g5 18. Ng2 Re7 19. Ne3 Qg6 20. Na3 Rae8 21. Re1 h5 22. Nec2 g4 23. Rxe7 Rxe7 24. Ne3 Nd8 25. Re1 Ne6 26. fxg4 Ng5 27. Kh1 hxg4 28. Ng2 Nfe4 29. Qf1 Nf3 30. Re2 Qh5 31. Nh4 Nxh4 32. Rxe4 Rxe4 33. gxh4 Qxh4 34. Nc2 g3 35. Qg2 Qxh2+ 36. Qxh2 gxh2 37. Kxh2 Re2+ 0-1

[Event "POL-chT U19 1st League"]
[Site "Chotowa"]
[Date "2009.07.??"]
[Round "5"]
[White "Sochacki, Wojtek"]
[Black "Karski, Lukasz"]
[Result "1-0"]
[WhiteElo "2197"]
[BlackElo "1960"]
[PlyCount "132"]
[EventDate "2009.07.06"]
[EventType "team-tourn"]
[EventRounds "9"]
[EventCountry "POL"]
[SourceTitle "EXT 2012"]
[Source "ChessBase"]
[SourceDate "2011.11.24"]
[SourceVersion "1"]
[SourceVersionDate "2011.11.24"]
[SourceQuality "1"]
[WhiteTeam "Suwalki UMKS Jacwiez U19"]
[BlackTeam "Plock PTSz U19"]
[WhiteTeamCountry "POL"]
[BlackTeamCountry "POL"]

1. e4 e6 2. d4 d5 3. Nc3 Bb4 4. e5 c5 5. a3 Bxc3+ 6. bxc3 Ne7 7. Qg4 Qc7 8. Bd3 c4 9. Be2 Nf5 10. Nf3 Nc6 11. Nh4 Nce7 12. Nxf5 Nxf5 13. h4 Qa5 14. Bd2 Bd7 15. h5 h6 16. Qf3 Ba4 17. g4 Ne7 18. Bd1 Nc6 19. Rb1 Qc7 20. Bf4 0-0-0 21. Bg3 Rdf8 22. Qe3 Qd7 23. Kd2 Kb8 24. Bf3 Ka8 25. Bg2 Re8 26. Bh3 f6 27. f4 fxe5 28. fxe5 Nd8 29. Bh4 Ref8 30. Rhf1 Qe8 31. Rbc1 Bd7 32. Rg1 a6 33. Bf1 Qf7 34. Be2 Qe8 35. Rg2 Qf7 36. Rf2 Qe8 37. Rcf1 Rxf2 38. Qxf2 Kb8 39. Kc1 Kc8 40. Kb2 Kb8 41. Qf4 Kc8 42. g5 hxg5 43. Qxg5 Rg8 44. Rg1 Nf7 45. Qg6 Nh6 46. Qg2 Nf5 47. Bg5 Qf7 48. Bg4 Rh8 49. Bd2 Rh7 50. Rh1 Qf8 51. Qf3 Qf7 52. Qf4 Qf8 53. Qg5 Qf7 54. Ka2 Kc7 55. Rb1 Rh8 56. a4 Nh6 57. Bd1 Nf5 58. a5 Be8 59. Rb6 Qd7 60. Bc1 Bf7 61. Ba3 Qe8 62. Bg4 Qd7 63. Kb2 Kc8 64. Bb4 Rh7 65. Bxf5 exf5 66. Rd6 Qe8 1-0

[Event "POL-ch U18"]
[Site "Chotowa"]
[Date "2009.03.30"]
[Round "3"]
[White "Karski, Lukasz"]
[Black "Janus, Przemyslaw"]
[Result "1/2-1/2"]
[WhiteElo "1963"]
[BlackElo "2054"]
[PlyCount "76"]
[EventDate "2009.03.28"]
[EventType "swiss"]
[EventRounds "11"]
[EventCountry "POL"]
[SourceTitle "EXT 2011"]
[Source "ChessBase"]
[SourceDate "2010.11.26"]
[SourceVersion "1"]
[SourceVersionDate "2010.11.26"]
[SourceQuality "1"]

1. d4 d5 2. Nf3 Nc6 3. Bf4 Bg4 4. e3 e6 5. Be2 Bd6 6. Bg3 Nf6 7. Nbd2 0-0 8. 0-0 Bxg3 9. hxg3 Qd6 10. c4 e5 11. cxd5 Qxd5 12. dxe5 Nxe5 13. Nb3 Bxf3 14. Bxf3 Nxf3+ 15. gxf3 Rad8 16. Qxd5 Rxd5 17. Rfd1 Rfd8 18. Rxd5 Rxd5 19. Rc1 Ne8 20. Kf1 Kf8 21. Ke2 Ke7 22. Rc3 Rb5 23. Rc2 c6 24. e4 Nd6 25. Nd4 Rh5 26. Ke3 Rh1 27. a3 Rb1 28. Kd2 Rf1 29. Ke2 Rh1 30. Kd2 g6 31. e5 Nc8 32. Nb3 Kd8 33. Nc5 Kc7 34. Ne4 h6 35. Ke2 Rb1 36. Nc3 Rh1 37. Ne4 Rb1 38. Nc3 Rh1 1/2-1/2

[Event "Bialystok Zamenhof Memorial"]
[Site "Bialystok"]
[Date "2008.12.30"]
[Round "7"]
[White "Karski, Lukasz"]
[Black "Bernacki, Gabriel"]
[Result "1/2-1/2"]
[WhiteElo "1992"]
[BlackElo "1902"]
[PlyCount "21"]
[EventDate "2008.12.27"]
[EventType "swiss"]
[EventRounds "9"]
[EventCountry "POL"]
[SourceTitle "EXT 2010"]
[Source "ChessBase"]
[SourceDate "2010.11.25"]
[SourceVersion "1"]
[SourceVersionDate "2010.11.25"]
[SourceQuality "1"]

1. d4 d5 2. c4 c6 3. cxd5 cxd5 4. Nc3 Nf6 5. Nf3 Nc6 6. Bf4 e6 7. e3 Bd6 8. Bxd6 Qxd6 9. Bd3 0-0 10. 0-0 e5 11. dxe5 1/2-1/2

[Event "Bialystok Zamenhof Memorial"]
[Site "Bialystok"]
[Date "2008.12.28"]
[Round "4"]
[White "Karski, Lukasz"]
[Black "Cylwik, Zbigniew"]
[Result "1/2-1/2"]
[WhiteElo "1992"]
[BlackElo "2069"]
[PlyCount "24"]
[EventDate "2008.12.27"]
[EventType "swiss"]
[EventRounds "9"]
[EventCountry "POL"]
[SourceTitle "EXT 2010"]
[Source "ChessBase"]
[SourceDate "2010.11.25"]
[SourceVersion "1"]
[SourceVersionDate "2010.11.25"]
[SourceQuality "1"]

1. d4 d5 2. c4 e6 3. Nc3 Nf6 4. cxd5 Nxd5 5. e4 Nxc3 6. bxc3 c5 7. Nf3 cxd4 8. cxd4 Bb4+ 9. Bd2 Qa5 10. Bxb4 Qxb4+ 11. Qd2 Qxd2+ 12. Kxd2 0-0 1/2-1/2

[Event "Polanica Zdroj op-B 44th"]
[Site "Polanica Zdroj"]
[Date "2008.08.19"]
[Round "1"]
[White "Kowara, Magdalena"]
[Black "Karski, Lukasz"]
[Result "1/2-1/2"]
[WhiteElo "1763"]
[BlackElo "1938"]
[PlyCount "45"]
[EventDate "2008.08.19"]
[EventType "swiss"]
[EventRounds "10"]
[EventCountry "POL"]
[SourceTitle "CBM 126 Extra"]
[Source "ChessBase"]
[SourceDate "2008.11.05"]
[SourceVersion "1"]
[SourceVersionDate "2008.11.05"]
[SourceQuality "1"]

1. e4 e6 2. d3 d5 3. Nd2 Nf6 4. g3 dxe4 5. dxe4 Bc5 6. Bg2 e5 7. Ngf3 Nc6 8. 0-0 0-0 9. Qe2 b6 10. Nb3 Bd6 11. Rd1 a5 12. Bg5 a4 13. Nbd2 Ba6 14. Qe1 Nb4 15. Rdc1 a3 16. b3 h6 17. Bxf6 Qxf6 18. Bf1 Bc8 19. c3 Bg4 20. Be2 Nc6 21. b4 Ne7 22. Qf1 Rfe8 23. Qd1 1/2-1/2

[Event "Warsaw Najdorf Memorial op-B"]
[Site "Warsaw"]
[Date "2008.08.09"]
[Round "8"]
[White "Wojtaszewski, Piotr"]
[Black "Karski, Lukasz"]
[Result "1/2-1/2"]
[WhiteElo "1998"]
[BlackElo "1938"]
[PlyCount "27"]
[EventDate "2008.08.02"]
[EventType "swiss"]
[EventRounds "9"]
[EventCountry "POL"]
[SourceTitle "CBM 126 Extra"]
[Source "ChessBase"]
[SourceDate "2008.11.05"]
[SourceVersion "1"]
[SourceVersionDate "2008.11.05"]
[SourceQuality "1"]

1. e4 e6 2. d4 d5 3. Nd2 Nf6 4. e5 Nfd7 5. Ndf3 c5 6. c3 Nc6 7. Bd3 cxd4 8. cxd4 f6 9. exf6 Nxf6 10. Ne2 Bd6 11. 0-0 0-0 12. Ng3 Qb6 13. Re1 Bd7 14. a3 1/2-1/2

[Event "Warsaw Najdorf Memorial op-B"]
[Site "Warsaw"]
[Date "2008.08.06"]
[Round "5"]
[White "Prazmowski, Wlodzimierz"]
[Black "Karski, Lukasz"]
[Result "0-1"]
[WhiteElo "1733"]
[BlackElo "1938"]
[PlyCount "86"]
[EventDate "2008.08.02"]
[EventType "swiss"]
[EventRounds "9"]
[EventCountry "POL"]
[SourceTitle "CBM 126 Extra"]
[Source "ChessBase"]
[SourceDate "2008.11.05"]
[SourceVersion "1"]
[SourceVersionDate "2008.11.05"]
[SourceQuality "1"]

1. d4 Nf6 2. c4 g6 3. Nc3 Bg7 4. e4 d6 5. f4 0-0 6. Nf3 c5 7. Be2 cxd4 8. Nxd4 Qb6 9. Na4 Qa5+ 10. Bd2 Qd8 11. Nc3 Nxe4 12. Nxe4 Bxd4 13. Bc3 Bxc3+ 14. Nxc3 Be6 15. h4 Qb6 16. Qd2 Nc6 17. g4 Qd4 18. 0-0-0 Qxd2+ 19. Rxd2 Na5 20. Nd5 Bxd5 21. Rxd5 b6 22. h5 Rac8 23. b3 Rc5 24. hxg6 fxg6 25. Rd4 Rc7 26. Kb2 Nb7 27. Bf3 Nc5 28. Re1 Rxf4 29. Be4 Nxe4 30. Rexe4 Rxe4 31. Rxe4 e5 32. Ka3 Kf7 33. Kb4 Ke6 34. Kb5 Rc5+ 35. Kb4 d5 36. cxd5+ Kxd5 37. Re2 e4 38. Rd2+ Ke6 39. Rd4 Re5 40. Kc3 e3 41. Rd1 e2 42. Re1 Kf6 43. Kd2 Kg5 0-1

[Event "Kowalewo Pomorskie op-B"]
[Site "Kowalewo Pomorskie"]
[Date "2008.07.12"]
[Round "8.3"]
[White "Karski, Lukasz"]
[Black "Andrearczyk, Pawel"]
[Result "1/2-1/2"]
[WhiteElo "1938"]
[BlackElo "1840"]
[PlyCount "24"]
[EventDate "2008.07.04"]
[EventType "swiss"]
[EventRounds "9"]
[EventCountry "POL"]
[SourceTitle "EXT 2023"]
[Source "ChessBase"]
[SourceDate "2022.10.05"]
[SourceVersion "1"]
[SourceVersionDate "2022.10.05"]
[SourceQuality "1"]

1. d4 Nf6 2. c4 e5 3. dxe5 Ng4 4. Bf4 Nc6 5. Nf3 Bb4+ 6. Nbd2 Qe7 7. e3 Ngxe5 8. Nxe5 Nxe5 9. Be2 d6 10. 0-0 Bxd2 11. Qxd2 Bd7 12. Rfd1 Bc6 1/2-1/2

[Event "Kowalewo Pomorskie op-B"]
[Site "Kowalewo Pomorskie"]
[Date "2008.07.09"]
[Round "7.3"]
[White "Bartosik, Piotr1111"]
[Black "Karski, Lukasz"]
[Result "1/2-1/2"]
[WhiteElo "1994"]
[BlackElo "1938"]
[PlyCount "24"]
[EventDate "2008.07.04"]
[EventType "swiss"]
[EventRounds "9"]
[EventCountry "POL"]
[SourceTitle "EXT 2023"]
[Source "ChessBase"]
[SourceDate "2022.10.05"]
[SourceVersion "1"]
[SourceVersionDate "2022.10.05"]
[SourceQuality "1"]

1. e4 e6 2. d4 d5 3. Nc3 Bb4 4. e5 c5 5. a3 Ba5 6. b4 cxd4 7. Nb5 Bc7 8. Qg4 Ne7 9. Qxg7 Rg8 10. Qxh7 a6 11. Nxc7+ Qxc7 12. Ne2 Qxe5 1/2-1/2

[Event "Rowy op-A 17th"]
[Site "Rowy"]
[Date "2008.06.22"]
[Round "9.9"]
[White "Karski, Lukasz"]
[Black "Ostrowska, Dominika"]
[Result "1/2-1/2"]
[WhiteElo "1994"]
[BlackElo "1829"]
[PlyCount "35"]
[EventDate "2008.06.14"]
[EventType "swiss"]
[EventRounds "9"]
[EventCountry "POL"]
[SourceTitle "EXT 2023"]
[Source "ChessBase"]
[SourceDate "2022.10.05"]
[SourceVersion "1"]
[SourceVersionDate "2022.10.05"]
[SourceQuality "1"]

1. e4 e5 2. Nf3 Nc6 3. Bb5 a6 4. Ba4 Nf6 5. 0-0 Be7 6. Re1 b5 7. Bb3 d6 8. h3 Na5 9. c3 Nxb3 10. Qxb3 Bb7 11. d3 0-0 12. Nbd2 c5 13. c4 Bc6 14. Qc2 Qc7 15. Nf1 bxc4 16. dxc4 Nh5 17. Ne3 Nf4 18. Bd2 1/2-1/2

[Event "Rowy op-A 17th"]
[Site "Rowy"]
[Date "2008.06.19"]
[Round "6.1"]
[White "Karski, Lukasz"]
[Black "Gralka, Julian"]
[Result "0-1"]
[WhiteElo "1994"]
[BlackElo "2268"]
[PlyCount "146"]
[EventDate "2008.06.14"]
[EventType "swiss"]
[EventRounds "9"]
[EventCountry "POL"]
[SourceTitle "EXT 2023"]
[Source "ChessBase"]
[SourceDate "2022.10.05"]
[SourceVersion "1"]
[SourceVersionDate "2022.10.05"]
[SourceQuality "1"]

1. d4 Nf6 2. c4 e6 3. Nc3 Bb4 4. Nf3 d5 5. Bg5 Nbd7 6. cxd5 exd5 7. e3 c5 8. Bd3 Qa5 9. Qc2 c4 10. Bf5 0-0 11. 0-0 Re8 12. Bxd7 Nxd7 13. a3 Bxc3 14. Qxc3 Qxc3 15. bxc3 Nb6 16. Rab1 Na4 17. Rfc1 a6 18. Bf4 b5 19. Bc7 Bf5 20. Rb4 f6 21. Kf1 Ra7 22. Ba5 g5 23. Ke2 Rae7 24. Kd2 Kg7 25. Ne1 Kg6 26. Nc2 Bxc2 27. Rxc2 f5 28. Rc1 f4 29. Re1 fxe3+ 30. fxe3 Rf7 31. Rbb1 Rf2+ 32. Re2 Ref8 33. Bb4 Rf1 34. Rxf1 Rxf1 35. Re1 Rxe1 36. Kxe1 Kf5 37. Ke2 h5 38. Ba5 Ke4 39. Bb4 Nb6 40. h3 g4 41. hxg4 hxg4 42. Kd2 Nd7 43. Be7 Nb8 44. Bd6 Nc6 45. Bb4 Nd8 46. Be7 Nf7 47. Bf6 Nd6 48. Be7 Nf5 49. Bg5 Nd6 50. Be7 Nf7 51. Bf6 Kf5 52. Be7 Ke6 53. Bh4 Nd6 54. Bd8 Kd7 55. Bh4 a5 56. Kc2 b4 57. cxb4 a4 58. Bg3 Nb5 59. Kb2 Ke6 60. Be1 Kf5 61. Bd2 Ke4 62. Kc2 Nxa3+ 63. Kc3 Nb5+ 64. Kc2 a3 65. Bc1 a2 66. Kb2 Kd3 67. Kxa2 Kc2 68. Bb2 Kd2 69. Kb1 Kxe3 70. Kc2 Kf2 71. Kd2 Kxg2 72. Ke2 g3 73. Bc1 Nxd4+ 0-1

[Event "Rowy op-A 17th"]
[Site "Rowy"]
[Date "2008.06.17"]
[Round "4.3"]
[White "Pioch, Zygmunt"]
[Black "Karski, Lukasz"]
[Result "1/2-1/2"]
[WhiteElo "2199"]
[BlackElo "1994"]
[PlyCount "38"]
[EventDate "2008.06.14"]
[EventType "swiss"]
[EventRounds "9"]
[EventCountry "POL"]
[SourceTitle "EXT 2023"]
[Source "ChessBase"]
[SourceDate "2022.10.05"]
[SourceVersion "1"]
[SourceVersionDate "2022.10.05"]
[SourceQuality "1"]

1. e4 d6 2. d4 g6 3. Nc3 Bg7 4. Be3 Nd7 5. Nf3 Ngf6 6. h3 e5 7. dxe5 dxe5 8. Bc4 0-0 9. 0-0 Qe7 10. a3 Nc5 11. Nd5 Nxd5 12. exd5 Ne4 13. Qe2 Nd6 14. Ba2 Kh8 15. Rfe1 Nf5 16. Bd2 e4 17. Bb4 Nd6 18. Rad1 a5 19. Bc5 Bxb2 1/2-1/2